000 00960cam a22002651 4500
001 gs 09000073
003 DLC
005 20260227111308.0
008 720328s1909 dcuabf f000 0 eng c
010 _ags 09000073
035 _a(OCoLC)271945
040 _aLibrary, U.S. Geological Survey (200) E no. 371
_cODaWU
_dOCoLC
_dDLC
042 _apremarc
050 0 0 _aQE75
_b.B9 no. 371
051 _aTN805.C6
_bR6
_c2d set.
100 1 _aRichardson, G. B.
_q(George Burr),
_d1872-1949.
245 1 0 _aReconnaissance of the Book cliffs coal field between Grand river, Colorado and Sunnyside, Utah,
_cby G. B. Richardson.
260 _aWashington,
_bGovt. Print. Off.,
_c1909.
300 _a54 p.
_billus., x pl. (part fold., incl. map)
_c24 cm.
490 0 _aUnited States. Geological survey. Bulletin
_v371
650 0 _aGeology
_zUtah.
650 0 _aGeology
_zColorado.
650 0 _aCoal mines and mining
_zUtah.
650 0 _aCoal mines and mining
_zColorado.
999 _c24812
_d24812